00217nam a2200097Ia 4500008004100000041000800041100002300049245003100072260000900103365000700112240625s9999 xx 000 0 und d aeng aTHE ECONOMIC TIMES aCOMMUNICATION FOR BUSINESS c2005 cRS